Freedom and Discipleship (Record no. 9922)

MARC details
000 -LEADER
fixed length control field 00645nam a2200241 a 4500
020 ## - INTERNATIONAL STANDARD BOOK NUMBER
ISBN 0883447
082 00 - DEWEY DECIMAL CLASSIFICATION NUMBER
Classification number 230.43
Author Cutter SCH
100 ## - MAIN ENTRY--AUTHOR NAME
Author name Schipani, Daniel S
245 ## - TITLE STATEMENT
Title Freedom and Discipleship
Sub title Liberation Theology in an Anabaptist Perspective
260 ## - PUBLICATION, DISTRIBUTION, ETC. (IMPRINT)
Place of publication New York
Name of publisher Orbis Books
Year of publication 1989
300 ## - PHYSICAL DESCRIPTION
Number of Pages 188p
500 ## - GENERAL NOTE
General note includes index and biblioraphy
505 2# - FORMATTED CONTENTS NOTE
Formatted contents note Index
650 ## - SUBJECT ADDED ENTRY--TOPICAL TERM
Topical Term Liberation-Theology
942 ## - ADDED ENTRY ELEMENTS (KOHA)
Koha item type Books
700 1# -
-- Schipani, Daniel S
Holdings
Collection code Home library Current library Date acquired Cost, normal purchase price Full call number Accession Number Koha item type
  Henry Martyn Institute Library Henry Martyn Institute Library 06/14/2007 1075.55 230.43 SCH 017527 Books
                   Copyright © 2026 | Henry Martyn Institute | Hyderabad | TS-500052 | INDIA | Implemented by hmi.edu.in
Hit-Count:

Powered by Koha